| 000 | 00745nam a2200241 a 4500 | ||
|---|---|---|---|
| 008 | |||
| 020 | _a0521467292 (pbk.) | ||
| 049 | _aMAIN | ||
| 090 | _aHG3851 | ||
| 245 |
_aThe international monetary system / _cedited by Peter B. Kenen, Francesco Papadia and Fabrizio Saccomanni |
||
| 260 |
_aNew York : _bCambridge University Press, _c1994. |
||
| 300 |
_axv, 349 p. ; _c23 cm. |
||
| 500 | _aIncludes index. | ||
| 504 | _aIncludes bibliographical references. | ||
| 700 | _aSaccomanni, Fabrizio | ||
| 700 | _aPapadia, Francesco | ||
| 700 | _aKenen, Peter B | ||
| 907 |
_a.b10109274 _b23-04-07 _c05-02-04 |
||
| 003 | |||
| 005 | 20230123133756.0 | ||
| 040 | _cNUST | ||
| 942 |
_cBOOKS _kHG3851 |
||
| 999 |
_c154426 _d154426 |
||